000
00310nam a2200133Ia 4500
008
100328s9999 xx 000 0 und d
082
_b
54997
100
_a
Choudhry Bani Roy
245
_a
Story Of Ramayan
260
_b
Hemkant
630
_a
Story Of Ramayan
730
_a
Story Of Ramayan
942
_c
BOOK
999
_c
541698
_d
541695